Miasta w województwie małopolskim - Statystyki

Ogólne statystyki
  • Ten quiz został rozwiązany 93 razy
  • Średni wynik to 36 z 64
Statystyki odpowiedzi
lp. Populacja Odpowiedź % Poprawnych
1 803 282 Kraków
100%
3 80 587 Nowy Sącz
100%
2 103 960 Tarnów
100%
6 33 103 Nowy Targ
98%
11 25 389 Zakopane
98%
4 36 048 Oświęcim
95%
8 28 692 Bochnia
93%
9 27 362 Wieliczka
93%
17 17 455 Wadowice
86%
21 14 514 Limanowa
84%
22 12 315 Rabka-Zdrój
84%
14 18 655 Andrychów
82%
5 34 387 Chrzanów
82%
10 25 818 Gorlice
80%
16 17 846 Myślenice
80%
20 16 026 Brzesko
77%
12 24 071 Skawina
77%
23 11 495 Dąbrowa Tarnowska
75%
29 8 927 Sucha Beskidzka
75%
7 32 670 Olkusz
73%
24 11 027 Miechów
70%
13 18 704 Trzebinia
68%
18 16 493 Niepołomice
66%
30 8 683 Stary Sącz
64%
27 9 712 Krynica-Zdrój
59%
51 3 623 Zator
59%
52 3 260 Alwernia
57%
45 4 332 Kalwaria Zebrzydowska
57%
37 5 953 Grybów
55%
15 17 866 Kęty
55%
19 16 079 Libiąż
52%
43 4 464 Muszyna
50%
38 5 796 Proszowice
50%
42 5 317 Szczawnica
50%
33 7 817 Mszana Dolna
48%
49 3 972 Czarny Dunajec
45%
39 5 565 Maków Podhalański
45%
40 5 448 Piwniczna-Zdrój
45%
32 8 155 Wolbrom
45%
41 5 420 Jordanów
43%
26 9 755 Krzeszowice
43%
61 1 611 Nowe Brzesko
43%
55 2 751 Nowy Wiśnicz
41%
36 6 205 Dobczyce
39%
47 4 123 Żabno
39%
44 4 349 Biecz
36%
25 10 787 Brzeszcze
36%
46 4 194 Słomniki
36%
31 8 492 Chełmek
34%
58 2 500 Ciężkowice
34%
50 3 876 Skała
34%
53 3 135 Wojnicz
34%
60 2 311 Czchów
32%
64 769 Koszyce
32%
59 2 408 Świątniki Górne
32%
48 4 101 Szczucin
32%
35 6 239 Tuchów
32%
54 3 066 Bobowa
30%
28 9 604 Bukowno
30%
34 6 513 Sułkowice
27%
62 1 574 Zakliczyn
27%
57 2 687 Radłów
23%
63 817 Książ Wielki
20%
56 2 689 Ryglice
20%
Nie znaleziono quizów pasujących do podanych kryteriów
Rozkład punktacji
Procent ludzi z każdym wynikiem
Percentyl według liczby udzielonych odpowiedzi
Twoja historia wyników
Nie rozwiązałeś tego quizu